00760cam a22002411 450000100060000000300080000600500170001400800390003103500190007003500190008904000400010804100110014808200150015910000220017424500570019626000580025330000260031149000620033750000310039950400470043065000120047770000290048920669BD-RjUL20211209000608.0140302r19521939enk b 001 0 eng a(BD-RjUL)20731 a(OCoLC)3098431 aDLCcTxWBdOCoLCdDLCdBD-RjULbeng0 aengang a829.5bSER0 aWulfstan,d-1023.10aSermo Lupi ad Anglos /cedited by Dorothy Whitelock. aLondon :bMethuen & co., ltd.,c1939 [reprinted 1952] aviii, 75 p. ;c19 cm.0 aMethuen's Old English library. [B. Prose selections. 3] a"First published in 1939." aIncludes Bibliography: p. 43-46 and index. aAnalogs1 aWhitelock, Dorothy,eed.